|
|
|
|
| LEADER |
00000nab a2200000 a 4500 |
| 001 |
vtls000653713 |
| 003 |
SK-MaSNL |
| 005 |
20260426063033.0 |
| 008 |
140302c1998 xo 0 slo |
| 015 |
|
|
|a SNBRA1998/02-04181
|
| 035 |
|
|
|a CLN000005906
|
| 040 |
|
|
|a SNKBUCL
|b slo
|c SNKBUCL
|e AACR2
|
| 041 |
0 |
|
|a slo
|
| 044 |
|
|
|a xo
|c SK
|
| 080 |
|
|
|a 371.14
|2 1997
|
| 100 |
1 |
|
|a Hološková, Anna
|4 aut
|9 270732
|
| 245 |
1 |
0 |
|a Tradičná škola dožíva-
|b slávnostné vyhodnotenie 40. ročníka celoslovenského kola súťaže Pedagogické čítanie
|
| 300 |
|
|
|b Fotogr.
|
| 611 |
1 |
7 |
|a Pedagogické čítanie
|n 40.
|d 1996/1997
|c Bratislava, Slovensko
|2 snkbucl
|9 1284461
|
| 650 |
0 |
7 |
|a učitelia
|x čítanie pedagogické
|2 snkbucl
|9 1282271
|
| 651 |
|
7 |
|a Bratislava (Slovensko)
|2 snkbucl
|9 14568
|
| 655 |
|
7 |
|a články z novín a časopisov
|2 snkbucl
|9 267496
|
| 773 |
0 |
|
|t Učiteľské noviny
|g Roč. 48, č. 8 (1998), s. 7
|
| 850 |
|
|
|a Slovenská národná knižnica v Martine
|
| 852 |
|
|
|a SNK
|b KIS3GCP
|
| 958 |
|
|
|a SK
|
| 992 |
|
|
|a RBX
|
| 999 |
|
|
|c 2552015
|d 2553945
|